000 00567nam a2200205Ia 4500
001 3779
008 170918s1996 ii g b000 u 465 u
020 _a81-7381-188-1
082 _a519.5
100 _aMukhopadhyay, Parimal .
245 0 _aMathematical Statistics /
_cParimal Mukhopadhyay.
_hTextual Documents
250 _a1st ed. /
260 _aCalcutta :
_bNew central Book Agency ,
_c1996.
300 _a887p. ;
_c24cm.
504 _aBib, Index
653 _aMathematics
653 _aMathematical Statistics
653 _aPG-Mathematics
942 _2ddc
_cBK
999 _c3767
_d3767